Countries with zero points at a FIFA World Cup - Statistics

General Stats
  • This quiz has been taken 39 times
  • The average score is 33 of 44
Answer Stats
Year(s) Country % Correct
1954 and 1990 South Korea
88%
1934, 1990 and 1998 United States
88%
1986 and 2022 Canada
85%
1934 France
85%
1990 Sweden
85%
2014 Australia
82%
1930, 1934 and 1938 Belgium
82%
1998 Japan
82%
1930, 1950, 1954 and 1978 Mexico
82%
1982 New Zealand
82%
2010 North Korea
82%
1930 Peru
82%
1938 Poland
82%
2002 Saudi Arabia
82%
1934 Argentina
79%
1930 and 1950 Bolivia
79%
2002 China
79%
2006 Costa Rica
79%
1994 Morocco
79%
2018 Panama
79%
1982 Chile
76%
1934 and 2018 Egypt
76%
1994 Greece
76%
1934 and 1938 Netherlands
76%
1938 Norway
76%
1966 Bulgaria
74%
1938 Dutch East Indies
74%
1970 and 1982 El Salvador
74%
2014 Honduras
74%
1978 Hungary
74%
1986 Iraq
74%
2022 Qatar
74%
1934 Romania
74%
1934 Brazil
71%
1974 Zaire
71%
1954 Scotland
68%
1958 and 1962 Switzerland
68%
1974 Haiti
65%
2002 Slovenia
65%
1954 and 1970 Czechoslovakia
62%
1990 United Arab Emirates
59%
2010 and 2014 Cameroon
56%
2006 Togo
41%
2006 Serbia and Montenegro
24%
No matching quizzes found
Score Distribution
Percent of People with Each Score
Percentile by Number Answered
Your Score History
You have not taken this quiz